<?xml version="1.0" encoding="UTF-8"?>
<record
    xmlns:xsi="http://www.w3.org/2001/XMLSchema-instance"
    xsi:schemaLocation="http://www.loc.gov/MARC21/slim http://www.loc.gov/standards/marcxml/schema/MARC21slim.xsd"
    xmlns="http://www.loc.gov/MARC21/slim">

  <leader>01004nac a22001811u 4500</leader>
  <controlfield tag="008">101215s    xxu||||| |||| 00| 0 ara d</controlfield>
  <datafield tag="082" ind1=" " ind2=" ">
    <subfield code="a">614.19</subfield>
    <subfield code="b">&#x634; &#x627; &#x641;</subfield>
  </datafield>
  <datafield tag="100" ind1="1" ind2=" ">
    <subfield code="a">&#x634;&#x627;&#x641;&#x639;&#x649; &#x60C; &#x645;&#x62D;&#x645;&#x62F; &#x632;&#x643;&#x649;</subfield>
    <subfield code="9">21519</subfield>
  </datafield>
  <datafield tag="245" ind1=" " ind2=" ">
    <subfield code="a">&#x62F;&#x644;&#x64A;&#x644; &#x627;&#x644;&#x637;&#x628; &#x627;&#x644;&#x634;&#x631;&#x639;&#x649; :</subfield>
    <subfield code="b">&#x62F;&#x627;&#x626;&#x631;&#x629; &#x645;&#x639;&#x627;&#x631;&#x641; &#x641;&#x64A; &#x627;&#x644;&#x637;&#x628; &#x627;&#x644;&#x627;&#x62C;&#x62A;&#x645;&#x627;&#x639;&#x64A; &#x648;&#x627;&#x644;&#x62C;&#x646;&#x627;&#x626;&#x64A; &#x648;&#x627;&#x644;&#x635;&#x646;&#x627;&#x639;&#x649; &#x648;&#x627;&#x644;&#x63A;&#x627;&#x631;&#x627;&#x62A; &#x627;&#x644;&#x62C;&#x648;&#x64A;&#x629; &#x648;&#x627;&#x635;&#x627;&#x628;&#x627;&#x62A;&#x647;&#x627; /</subfield>
    <subfield code="c">&#x645;&#x62D;&#x645;&#x62F; &#x632;&#x643;&#x649; &#x634;&#x627;&#x641;&#x639;&#x649; &#x60C; &#x644;&#x628;&#x64A;&#x628; &#x634;&#x62D;&#x627;&#x62A;&#x647;</subfield>
  </datafield>
  <datafield tag="250" ind1=" " ind2=" ">
    <subfield code="a">&#x637; 2.</subfield>
  </datafield>
  <datafield tag="260" ind1=" " ind2=" ">
    <subfield code="a">[&#x627;&#x644;&#x642;&#x627;&#x647;&#x631;&#x629;] :</subfield>
    <subfield code="b">&#x627;&#x644;&#x62C;&#x645;&#x639;&#x64A;&#x629; &#x627;&#x644;&#x645;&#x635;&#x631;&#x64A;&#x629; &#x644;&#x644;&#x627;&#x635;&#x644;&#x627;&#x62D;&#x627;&#x62A; &#x648;&#x627;&#x644;&#x62F;&#x639;&#x627;&#x64A;&#x629; &#x627;&#x644;&#x635;&#x62D;&#x64A;&#x629; &#x60C;[193?]</subfield>
    <subfield code="c">[193?]</subfield>
  </datafield>
  <datafield tag="300" ind1=" " ind2=" ">
    <subfield code="a">487:</subfield>
    <subfield code="b">&#x627;&#x64A;&#x636; &#x61B;</subfield>
    <subfield code="c">24 &#x633;&#x645;.</subfield>
  </datafield>
  <datafield tag="504" ind1=" " ind2=" ">
    <subfield code="a">&#x64A;&#x634;&#x62A;&#x645;&#x644; &#x639;&#x644;&#x649; &#x628;&#x628;&#x644;&#x64A;&#x648;&#x62C;&#x631;&#x627;&#x641;&#x64A;&#x629; &#x635; 487</subfield>
  </datafield>
  <datafield tag="650" ind1=" " ind2=" ">
    <subfield code="a">&#x627;&#x644;&#x637;&#x628; &#x627;&#x644;&#x634;&#x631;&#x639;&#x64A;</subfield>
    <subfield code="9">21520</subfield>
  </datafield>
  <datafield tag="700" ind1=" " ind2=" ">
    <subfield code="a">&#x634;&#x62D;&#x627;&#x62A;&#x647; &#x60C; &#x644;&#x628;&#x64A;&#x628;</subfield>
    <subfield code="9">21522</subfield>
  </datafield>
  <datafield tag="942" ind1=" " ind2=" ">
    <subfield code="c">BB</subfield>
    <subfield code="k">614.19 &#x634; &#x627; &#x641;</subfield>
    <subfield code="2">ddc</subfield>
  </datafield>
  <datafield tag="999" ind1=" " ind2=" ">
    <subfield code="c">6780</subfield>
    <subfield code="d">6780</subfield>
  </datafield>
  <datafield tag="952" ind1=" " ind2=" ">
    <subfield code="0">0</subfield>
    <subfield code="1">0</subfield>
    <subfield code="2">ddc</subfield>
    <subfield code="4">0</subfield>
    <subfield code="7">0</subfield>
    <subfield code="8">Alef-Baa</subfield>
    <subfield code="a">MAIN</subfield>
    <subfield code="b">MAIN</subfield>
    <subfield code="c">1ST</subfield>
    <subfield code="d">2011-01-02</subfield>
    <subfield code="e">purchase</subfield>
    <subfield code="o">614.19 &#x634; &#x627; &#x641;</subfield>
    <subfield code="p">000008431</subfield>
    <subfield code="r">2026-03-14 00:00:00</subfield>
    <subfield code="s">2026-02-25</subfield>
    <subfield code="y">BB</subfield>
  </datafield>
</record>
